Statistics for undertale almost everything quiz

Click here to take the quiz!

General Stats

  • This quiz has been taken 106 times
  • The average score is 11 of 14

Answer Stats

HintAnswer% Correct
kill or BE killedflowey
100%
nyeh heh heh!!papyrus
98%
don't leave me alone childtoriel
98%
Hoi!temmie
96%
human..it was nice meeting you. goodbye. *breaks mercy*asgore
93%
the old whoopie cushon on the hand tricksans
91%
t-t-this n-needs to be told to u-u-undynealphys
89%
-_- ...frisk
88%
KILL THE HUMANSundyne
86%
yo! dude!monster kid
84%
evil black soulchara
83%
this is all just a bad dream AND YOUR NEVER WAKING UP! *game crash*omega flowey
76%
hello would you like to ride my boat?riverperson
61%
i will make your life GLAMOUR!(EX) mettaton
2%

Score Distribution

Percentile by Number Answered

Percent of People with Each Score

Your Score History

You have not taken this quiz